000 00320nam a22001337a 4500
003 OSt
008 220511b ||||| |||| 00| 0 eng d
100 _aCHANDAVARKAR,G.A.
245 _aHindu Ethics
260 _aNew Delhi
_bChaukhamba Sanskrit Pratishrhan
_c2005
300 _a160
650 _aGeneral
942 _2ddc
_cBK
999 _c11211
_d11211